[Event "Utrecht Keres Memorial"]
[Site "Utrecht"]
[Date "2022.05.27"]
[Round "3"]
[White "Achuthan, Dylan"]
[Black "Goes, Sten"]
[Result "0-1"]
[WhiteElo "1995"]
[BlackElo "2225"]
[PlyCount "70"]
[EventDate "2022.05.27"]
[EventType "swiss"]
[EventRounds "6"]
[EventCountry "NED"]
[SourceTitle "CBM 208 Extra"]
[Source "ChessBase"]
[SourceDate "2022.07.31"]
[SourceVersion "1"]
[SourceVersionDate "2022.07.31"]
[SourceQuality "1"]

1. e4 c5 2. Nf3 d6 3. c3 Nf6 4. Be2 g6 5. 0-0 Bg7 6. Re1 0-0 7. Bf1 Nc6 8. h3 e5 9. a4 d5 10. exd5 Nxd5 11. Na3 h6 12. Bb5 Nde7 13. Nc4 Qc7 14. Qe2 a6 15. Bxc6 Nxc6 16. a5 Re8 17. d4 cxd4 18. cxd4 e4 19. d5 Nb4 20. Nb6 Rb8 21. Rd1 Bd7 22. d6 Qd8 23. Nd2 Nc2 24. Rb1 Nd4 25. Qc4 Bb5 26. Qc7 Be2 27. Re1 Bd3 28. b3 Nb5 29. Qxd8 Rexd8 30. Rb2 Rxd6 31. Ra2 Nc3 32. Ra3 Ne2+ 33. Kh1 Nxc1 34. Ndc4 Bxc4 35. Nxc4 Nd3 0-1

[Event "Amsterdam Science Park op-A 1st"]
[Site "Amsterdam"]
[Date "2011.07.13"]
[Round "5"]
[White "Goes, Sten"]
[Black "Schneider, Veronika"]
[Result "1/2-1/2"]
[WhiteElo "2104"]
[BlackElo "2331"]
[PlyCount "144"]
[EventDate "2011.07.09"]
[EventType "swiss"]
[EventRounds "9"]
[EventCountry "NED"]
[SourceTitle "CBM 143 Extra"]
[Source "ChessBase"]
[SourceDate "2011.08.29"]
[SourceVersion "1"]
[SourceVersionDate "2011.08.29"]
[SourceQuality "1"]

1. e4 c5 2. Nf3 e6 3. d4 cxd4 4. Nxd4 a6 5. Nc3 Qc7 6. Bd3 Nf6 7. 0-0 Bc5 8. Nb3 Be7 9. f4 d6 10. a4 b6 11. e5 Nfd7 12. exd6 Bxd6 13. Ne4 Bb7 14. Qg4 g6 15. Nxd6+ Qxd6 16. Be3 Nc6 17. Rad1 Qc7 18. c3 0-0 19. Nd4 Nc5 20. Bc2 f5 21. Qh3 Nxd4 22. Bxd4 b5 23. Qe3 Nd7 24. Rfe1 Bd5 25. h3 Qd6 26. b3 Qc6 27. a5 Rac8 28. Rd2 Nf6 29. Qe5 Qc7 30. Qe3 Qxa5 31. b4 Qc7 32. Bc5 Rf7 33. Ra1 Qc6 34. Bd4 Nd7 35. Bd3 Ra8 36. Ra5 Re8 37. Re2 Rfe7 38. Qg3 Bc4 39. Bxc4 Qxc4 40. Rea2 e5 41. fxe5 Nxe5 42. Rxa6 Nc6 43. Bc5 Re1+ 44. Kh2 f4 45. Qf2 f3 46. Ra8 Qf4+ 47. g3 Qf7 48. Qxe1 Qxa2+ 49. Rxa2 Rxe1 50. Rf2 Ne5 51. Bd4 h5 52. Bxe5 Rxe5 53. Rxf3 Re2+ 54. Kg1 Ra2 55. h4 Kg7 56. Kf1 Kh6 57. Ke1 Kg7 58. Kd1 Rg2 59. Kc1 Re2 60. Kb1 Rd2 61. Kc1 Re2 62. Kd1 Rg2 63. c4 bxc4 64. Rc3 g5 65. hxg5 Kg6 66. Ke1 Kxg5 67. Kf1 Rb2 68. Rxc4 Kf5 69. Kg1 Kg5 70. Rh4 Rd2 71. Kf1 Rc2 72. Rd4 Rb2 1/2-1/2

[Event "Amsterdam Science Park op-A 1st"]
[Site "Amsterdam"]
[Date "2011.07.09"]
[Round "1"]
[White "Goes, Sten"]
[Black "Duijker, Rick"]
[Result "0-1"]
[WhiteElo "2104"]
[BlackElo "2276"]
[PlyCount "68"]
[EventDate "2011.07.09"]
[EventType "swiss"]
[EventRounds "9"]
[EventCountry "NED"]
[SourceTitle "CBM 143 Extra"]
[Source "ChessBase"]
[SourceDate "2011.08.29"]
[SourceVersion "1"]
[SourceVersionDate "2011.08.29"]
[SourceQuality "1"]

1. e4 c5 2. Nf3 Nc6 3. d4 cxd4 4. Nxd4 e5 5. Nb5 a6 6. Nd6+ Bxd6 7. Qxd6 Qf6 8. Qd1 Qg6 9. Nc3 d5 10. Nxd5 Qxe4+ 11. Be3 Nd4 12. Nc7+ Ke7 13. Rc1 Bg4 14. Qd3 Qxd3 15. Bxd3 Rd8 16. h3 Bh5 17. f4 Kd6 18. Nxa6 bxa6 19. g4 Bg6 20. f5 Nf6 21. Rf1 Nd5 22. Bd2 e4 23. Bxa6 f6 24. fxg6 hxg6 25. c4 Nc7 26. Bb7 Nf3+ 27. Rxf3 exf3 28. Bf4+ Kd7 29. Rd1+ Ke7 30. Bxc7 f2+ 31. Kxf2 Rxd1 32. Ba5 Rb8 33. Bf3 Rxb2+ 34. Ke3 Rc1 0-1

[Event "Maastricht Limburg op-A 5th"]
[Site "Maastricht"]
[Date "2011.06.13"]
[Round "2"]
[White "Goes, Sten"]
[Black "Klein, Felix"]
[Result "0-1"]
[WhiteElo "2099"]
[BlackElo "2243"]
[PlyCount "78"]
[EventDate "2011.06.10"]
[EventType "swiss"]
[EventRounds "7"]
[EventCountry "NED"]
[SourceTitle "CBM 142 Extra"]
[Source "ChessBase"]
[SourceDate "2011.06.27"]
[SourceVersion "1"]
[SourceVersionDate "2011.06.27"]
[SourceQuality "1"]

1. e4 c5 2. Nf3 e6 3. d4 cxd4 4. Nxd4 a6 5. Nc3 b5 6. Bd3 Bb7 7. 0-0 Nc6 8. Nxc6 Bxc6 9. Qe2 Bc5 10. Qg4 g6 11. e5 Qc7 12. Re1 Ne7 13. b4 Bb6 14. a4 h5 15. Qf4 Bxg2 16. Qf6 Rh7 17. Ne4 Bxe4 18. Bxe4 Rc8 19. c3 Qxc3 20. Bg5 Nf5 21. Rac1 Qxc1 22. Bxc1 Bd8 23. Bb7 Rb8 24. Qxd8+ Kxd8 25. Bxa6 bxa4 26. Re4 Kc7 27. b5 Rhh8 28. Rxa4 Kb6 29. Bd2 Kc5 30. Ba5 Nd4 31. Bc7 Nxb5 32. Bxb8 Rxb8 33. Rf4 Rf8 34. h4 Nd4 35. Bd3 Kd5 36. Re4 Nf3+ 37. Kg2 Nxe5 38. Bb1 Ng4 39. Rf4 f5 0-1

[Event "Maastricht Limburg op-A 5th"]
[Site "Maastricht"]
[Date "2011.06.13"]
[Round "7"]
[White "Van Dijk, Harold"]
[Black "Goes, Sten"]
[Result "1/2-1/2"]
[WhiteElo "2329"]
[BlackElo "2099"]
[PlyCount "88"]
[EventDate "2011.06.10"]
[EventType "swiss"]
[EventRounds "7"]
[EventCountry "NED"]
[SourceTitle "CBM 142 Extra"]
[Source "ChessBase"]
[SourceDate "2011.06.27"]
[SourceVersion "1"]
[SourceVersionDate "2011.06.27"]
[SourceQuality "1"]

1. d4 Nf6 2. Nf3 g6 3. Nc3 d5 4. Bf4 c6 5. Qd2 Nbd7 6. e3 Bg7 7. Be2 b5 8. Ne5 Nxe5 9. Bxe5 0-0 10. 0-0 Nd7 11. Bxg7 Kxg7 12. f4 Nf6 13. Bf3 Bf5 14. h3 h5 15. Ne2 Be4 16. a4 a6 17. Qc3 Qd7 18. Kf2 Bxf3 19. gxf3 Qxh3 20. Rh1 Qd7 21. Nc1 Qd6 22. Nd3 Rfc8 23. Rag1 a5 24. Ne5 c5 25. Qd3 c4 26. Rxg6+ Kf8 27. Qf5 fxg6 28. Qxg6 Ng4+ 29. fxg4 Qxg6 30. Nxg6+ Kg7 31. Nxe7 Rcb8 32. Rxh5 bxa4 33. Nf5+ Kf7 34. Rh7+ Kg6 35. Rh6+ Kf7 36. g5 Rxb2 37. Kg3 a3 38. Kg4 a2 39. Rh7+ Ke8 40. Rh8+ Kf7 41. Rxa8 a1Q 42. Ra7+ Kf8 43. Ra8+ Kf7 44. Ra7+ Kf8 1/2-1/2

[Event "Delft Prinsenstad op-A"]
[Site "Delft"]
[Date "2010.04.02"]
[Round "1"]
[White "Goes, Sten"]
[Black "Van den Doel, Erik"]
[Result "1/2-1/2"]
[WhiteElo "2067"]
[BlackElo "2573"]
[PlyCount "89"]
[EventDate "2010.04.02"]
[EventType "swiss"]
[EventRounds "6"]
[EventCountry "NED"]
[SourceTitle "EXT 2013"]
[Source "ChessBase"]
[SourceDate "2012.11.22"]
[SourceVersion "1"]
[SourceVersionDate "2012.11.22"]
[SourceQuality "1"]

1. e4 c5 2. Nf3 e6 3. d4 cxd4 4. Nxd4 Nc6 5. Nb5 d6 6. Bf4 e5 7. Be3 a6 8. N5c3 Nf6 9. Bg5 Be7 10. Bxf6 Bxf6 11. Nd2 0-0 12. Nc4 b5 13. Qxd6 bxc4 14. Qxc6 Be6 15. Be2 Qb8 16. Rb1 Rc8 17. Qa4 Rc5 18. 0-0 Qc7 19. Nd5 Bxd5 20. exd5 e4 21. b3 Rxd5 22. Qxc4 Qxc4 23. Bxc4 Rd2 24. Rbe1 Rxc2 25. a4 a5 26. Rxe4 Rd8 27. Rfe1 Kf8 28. Kf1 Bc3 29. Rb1 Rdd2 30. Be2 f5 31. Re6 Kf7 32. Re3 Bd4 33. Bc4+ Kf8 34. Re2 Rxe2 35. Bxe2 Ra2 36. g3 Ra1 37. Rxa1 Bxa1 38. Bd3 g6 39. h4 Bd4 40. h5 Kg7 41. f4 Kf6 42. hxg6 hxg6 43. Ke2 Bc5 44. Kf3 Bb4 45. Bb5 1/2-1/2

[Event "EU-Cup 24th"]
[Site "Kallithea"]
[Date "2008.10.21"]
[Round "5"]
[White "Pergel, Laszlo"]
[Black "Goes, Sten"]
[Result "1-0"]
[WhiteElo "2293"]
[BlackElo "2143"]
[PlyCount "55"]
[EventDate "2008.10.17"]
[EventType "team-swiss"]
[EventRounds "7"]
[EventCountry "GRE"]
[SourceTitle "CBM 127"]
[Source "ChessBase"]
[SourceDate "2008.11.13"]
[SourceVersion "1"]
[SourceVersionDate "2008.11.13"]
[SourceQuality "1"]
[WhiteTeam "Szombathely"]
[BlackTeam "Utrecht"]
[WhiteTeamCountry "HUN"]
[BlackTeamCountry "NED"]

1. e4 c5 2. Nf3 d6 3. Bc4 Nc6 4. c3 Nf6 5. d3 g6 6. Nbd2 Bg7 7. h3 e5 8. 0-0 0-0 9. Re1 Na5 10. Bb5 a6 11. Ba4 b5 12. Bc2 Bb7 13. Nf1 Re8 14. Bg5 h6 15. Be3 Qc7 16. Qd2 Kh7 17. b4 cxb4 18. cxb4 Nc6 19. Bb3 Qd7 20. Ng3 d5 21. exd5 Nxd5 22. Ne4 Nxe3 23. fxe3 Rad8 24. Nfg5+ hxg5 25. Nxg5+ Kh8 26. Qf2 Bh6 27. Qf6+ Bg7 28. Nxf7+ 1-0

[Event "EU-Cup 24th"]
[Site "Kallithea"]
[Date "2008.10.17"]
[Round "1"]
[White "Stojanovic, Dalibor"]
[Black "Goes, Sten"]
[Result "1-0"]
[WhiteElo "2455"]
[BlackElo "2143"]
[PlyCount "71"]
[EventDate "2008.10.17"]
[EventType "team-swiss"]
[EventRounds "7"]
[EventCountry "GRE"]
[SourceTitle "CBM 127"]
[Source "ChessBase"]
[SourceDate "2008.11.13"]
[SourceVersion "1"]
[SourceVersionDate "2008.11.13"]
[SourceQuality "1"]
[WhiteTeam "Sarajevo Bosna"]
[BlackTeam "Utrecht"]
[WhiteTeamCountry "BIH"]
[BlackTeamCountry "NED"]

1. e4 c5 2. Nf3 d6 3. d4 cxd4 4. Nxd4 Nf6 5. Nc3 a6 6. Be2 g6 7. g4 h5 8. g5 Nfd7 9. Be3 Bg7 10. f4 Nc6 11. Qd2 Nc5 12. 0-0-0 Bd7 13. Nxc6 Bxc6 14. Bd4 Bxd4 15. Qxd4 0-0 16. Rhg1 b5 17. f5 Qa5 18. Kb1 Nd7 19. Nd5 Bxd5 20. Qxd5 Ne5 21. fxg6 Nxg6 22. Qf5 Rac8 23. Bxh5 Rc5 24. Qh3 Nf4 25. Qg4 Nxh5 26. Qxh5 Qa4 27. Qe2 Re5 28. Rde1 Rc8 29. Qd3 b4 30. g6 fxg6 31. Rxg6+ Kf7 32. Rg2 Rc7 33. Rf1+ Ke8 34. Qh3 e6 35. Qh8+ Kd7 36. Rg7+ 1-0

[Event "Leiden LCT op 2nd"]
[Site "Leiden"]
[Date "2008.07.12"]
[Round "2"]
[White "Goes, Sten"]
[Black "Groetz, Harald"]
[Result "0-1"]
[WhiteElo "2101"]
[BlackElo "2405"]
[PlyCount "76"]
[EventDate "2008.07.11"]
[EventType "swiss"]
[EventRounds "9"]
[EventCountry "NED"]
[SourceTitle "CBM 125 Extra"]
[Source "ChessBase"]
[SourceDate "2008.09.01"]
[SourceVersion "1"]
[SourceVersionDate "2008.09.01"]
[SourceQuality "1"]

1. e4 c5 2. Nf3 d6 3. d4 cxd4 4. Nxd4 Nf6 5. Nc3 Nc6 6. Bc4 e6 7. 0-0 a6 8. Be3 Qc7 9. Bb3 Na5 10. Qf3 b5 11. a3 Bb7 12. Bg5 Nxb3 13. cxb3 Be7 14. Rac1 Qd7 15. Qg3 Rc8 16. f3 0-0 17. Bh6 Ne8 18. Rfd1 Rc5 19. Be3 Qc8 20. Nde2 Rc7 21. f4 g6 22. Qf2 Nf6 23. Bb6 Rc6 24. Bd4 Qa8 25. Qh4 Qd8 26. Qh6 Re8 27. Kh1 Bf8 28. Qh4 Nd7 29. Qf2 Nc5 30. Be3 Nxe4 31. Nxe4 Rxc1 32. Bxc1 Bxe4 33. Ng3 Bd5 34. f5 Bxb3 35. Rd4 exf5 36. Nxf5 gxf5 37. Qg3+ Bg7 38. Bg5 Qxg5 0-1

[Event "Hengelo U16 op"]
[Site "Hengelo"]
[Date "2005.08.13"]
[Round "9"]
[White "Timmermans, Mark"]
[Black "Goes, Sten"]
[Result "1-0"]
[WhiteElo "1838"]
[BlackElo "1920"]
[PlyCount "77"]
[EventDate "2005.08.??"]
[EventType "swiss"]
[EventRounds "9"]
[EventCountry "NED"]
[SourceTitle "CBM 107 Extra"]
[Source "ChessBase"]
[SourceDate "2005.09.01"]
[SourceVersion "1"]
[SourceVersionDate "2005.09.01"]
[SourceQuality "1"]

1. e4 c5 2. Nf3 d6 3. d4 cxd4 4. Nxd4 Nf6 5. Nc3 a6 6. Be3 e5 7. Nb3 Be6 8. f3 Be7 9. Qd2 0-0 10. 0-0-0 b5 11. Kb1 Nc6 12. g4 Qc7 13. h4 Rac8 14. h5 Nd7 15. g5 f5 16. Bh3 Nb4 17. a3 Nc6 18. Nd5 Bxd5 19. Qxd5+ Kh8 20. Bxf5 b4 21. a4 Nd4 22. Bxd4 exd4 23. Nxd4 Rxf5 24. exf5 Bxg5 25. Rh2 Bf6 26. Re2 h6 27. Ne6 Qa7 28. Qxd6 Nb6 29. b3 Qb7 30. Red2 Nxa4 31. bxa4 b3 32. c4 Qxf3 33. Qd3 Qxh5 34. Nf4 Qf7 35. Nd5 Bg5 36. Rg2 Bh4 37. Qe4 Bd8 38. Qe6 Qb7 39. Rdg1 1-0

[Event "Hengelo U16 op"]
[Site "Hengelo"]
[Date "2005.08.08"]
[Round "1"]
[White "Van Splunter, Jacco"]
[Black "Goes, Sten"]
[Result "0-1"]
[WhiteElo "1541"]
[BlackElo "1920"]
[PlyCount "55"]
[EventDate "2005.08.??"]
[EventType "swiss"]
[EventRounds "9"]
[EventCountry "NED"]
[SourceTitle "CBM 107 Extra"]
[Source "ChessBase"]
[SourceDate "2005.09.01"]
[SourceVersion "1"]
[SourceVersionDate "2005.09.01"]
[SourceQuality "1"]

1. e4 c5 2. c3 d5 3. exd5 Qxd5 4. d4 e6 5. Be3 cxd4 6. cxd4 Nf6 7. Nc3 Qa5 8. Qb3 Nc6 9. Bc4 Bd7 10. Rd1 Be7 11. d5 exd5 12. Bxd5 0-0 13. Nf3 Nxd5 14. Rxd5 Qc7 15. g3 Be6 16. Bf4 Bxd5 17. Nxd5 Qa5+ 18. Kf1 Rad8 19. Nxe7+ Nxe7 20. Qxb7 Nd5 21. Kg2 Nxf4+ 22. gxf4 Rb8 23. Qe7 Rxb2 24. Ne5 Qd2 25. Rf1 Qxf4 26. h3 Qe4+ 27. Kg3 Rxa2 28. Rd1 0-1